Stroud DC and Hardwicke Court Estate and Summerhouse Farm Equitation Centre (Record no. 16615)

MARC details
000 -LEADER
fixed length control field 01308cab a2200241 4500
001 - CONTROL NUMBER
control field X2515
008 - FIXED-LENGTH DATA ELEMENTS--GENERAL INFORMATION
fixed length control field 090401t1995 xxu||||| |||| 00| 0 eng d
035 ## - SYSTEM CONTROL NUMBER
System control number (Sirsi) u24763
041 ## - LANGUAGE CODE
Language code of text/sound track or separate title eng
245 ## - TITLE STATEMENT
Title Stroud DC and Hardwicke Court Estate and Summerhouse Farm Equitation Centre
260 ## - PUBLICATION, DISTRIBUTION, ETC.
Date of publication, distribution, etc. 1995
350 ## - PRICE (NR) (BK AM CF MU VM SE) [OBSOLETE]
Price 0
490 ## - SERIES STATEMENT
Series statement Planning Appeal Decisions
Volume/sequential designation (1995) 10 PAD 452-478 (27)
520 ## - SUMMARY, ETC.
Summary, etc. Appeals against refusals of permission for development of adjacent sites in different ownership as motorway service area (MSA) - both appeals dealt with at single inquiry - planning issues of principle - off-line site locations - local planning issues - effect and relevance of central Government policy of deregulation of MSAs - responsibility devolving on private sector for MSA site locating and development - issues of need - Dept of Transport policies and role on motorway signing agreements -site-specific issues relative to each site - relevance of appeal decisions on other possible MSA sites.
650 ## - SUBJECT ADDED ENTRY--TOPICAL TERM
Topical term or geographic name entry element MOTORWAY SERVICE AREA
650 ## - SUBJECT ADDED ENTRY--TOPICAL TERM
Topical term or geographic name entry element MOTORWAY SIGNING AGREEMENTS
650 ## - SUBJECT ADDED ENTRY--TOPICAL TERM
Topical term or geographic name entry element MSA
650 ## - SUBJECT ADDED ENTRY--TOPICAL TERM
Topical term or geographic name entry element OFF-LINE SITE LOCATIONS
650 ## - SUBJECT ADDED ENTRY--TOPICAL TERM
Topical term or geographic name entry element STROUD DC AND HARDWICKE COURT ESTATE AND SUMMERHOUSE FARM
690 ## - LOCAL SUBJECT ADDED ENTRY--TOPICAL TERM (OCLC, RLIN)
Topical term or geographic name as entry element PLANNING LAW AND PRACTICE-CASE LAW
942 ## - ADDED ENTRY ELEMENTS (KOHA)
Suppress in OPAC 0
948 ## - LOCAL PROCESSING INFORMATION (OCLC); SERIES PART DESIGNATOR (RLIN)
c (OCLC) 04/03/1997
Holdings
Withdrawn status Lost status Source of classification or shelving scheme Damaged status Not for loan Home library Current library Shelving location Date acquired Total Checkouts Full call number Barcode Date last seen Copy number Price effective from Koha item type
    Dewey Decimal Classification     London London Journal article 14/09/1999   X2515 24763-1001 06/08/2019 1 06/08/2019 Law report